000
00259nam a2200109Ia 4500
008
190216s9999||||xx |||||||||||||| ||und||
100
_a
Maheshwari S N
245
0
_a
Advanced Accountancy
260
_b
Vani Educational Books
_c
1984
300
_a
898p
942
_c
BK
999
_c
5198
_d
5198